| 000 | 00562cam a2200241 4500 | ||
|---|---|---|---|
| 001 | J810 | ||
| 008 | 090401t1991 xxu||||| |||| 00| 0 eng d | ||
| 035 | _a(Sirsi) u76816 | ||
| 041 | _aeng | ||
| 050 | _a333.3309426 | ||
| 110 |
_aBidwells _92678 |
||
| 245 | _a1991-92 review. | ||
| 260 |
_aCambridge _bBidwells _c1991 |
||
| 300 | _a16p. : ill. ; 30cm. | ||
| 350 | _a0 | ||
| 650 | _aEAST ANGLIA | ||
| 650 | _aFARM LAND | ||
| 650 | _aPROPERTY MARKET | ||
| 650 |
_aRESIDENTIAL PROPERTY _96266 |
||
| 650 | _aSCOTLAND | ||
| 942 | _n0 | ||
| 948 | _c04/03/1997 | ||
| 999 |
_c96252 _d96252 |
||